000 01324nam a2200349 i 4500
003 DO-SdBNP
005 20260514132121.0
007 ta
008 260514b2025 dr a|||| |||| 00| 0 spa d
020 _a9789945639568
040 _aDO-SdBNP
_bspa
_cBNPHU
_erda
041 _aspa
082 4 _axxx
_bxxx
_222
100 1 _aHenríquez Ureña, Pedro,
_d1884-1946
_eautor
_4aut.
_91718
245 1 0 _aCon el burro /
_cPedro Henríquez Ureña ; ilustraciones, José Segura ; corrección, Adrian R. Morales y Vilma Martínez A.
264 4 _aSanto Domingo :
_bISFODOSU,
_c©2025.
300 _a27 páginas :
_bilustraciones ;
_c22 cm.
336 _atexto
_btxt
_2rdacontent
337 _asin mediación
_bn
_2rdamedia
338 _avolumen
_bnc
_2rdacarrier
490 1 _aColección Cuentos Infantiles Dominicanos
490 1 _aSerie1
500 _aIncluye datos biográficos del autor en la solapa de la cubierta
590 _aInventariado, 2025/BT
700 1 _asegura, José,
_eilustrador
_4il.
_989506
700 1 _aMorales, Adrian R.,
_ecorrector
_4corr.
_989507
700 1 _aMartínez A., Vilama,
_ecorrector
_4corr.
_989571
710 2 _aInstituto Superior de Formación Docente Salomé Ureña
_980965
830 0 _aColección Cuentos Infantiles Dominicanos
_pSerie
_v1
_989566
910 _aBtavárez
942 _2ddc
_cLF2
999 _c60745
_d60745